000 00475nam a2200181Ia 4500
001 15487
005 20260306170200.0
008 260306t2014||||xx |||||||||||||| ||und||
041 _aESP
082 _a541.3
_bE89
100 _aEspósito, María Graciela
_eAUT
245 0 _aFisicoquímica II:
_bmateria, electricidad y magnetismo fuerzas y campos
260 _c2014
300 _a191 páginas :
_c27 cm.
650 _aGEN
654 _aCCN
942 _cLIB
_dJUS
_fJUS
_2ddc
_n
999 _c15487
_d15487